000 00381nam a22001697a 4500
003 NUST
020 _a818574971x
038 _aKhadija
082 _a658.5
_bVER
100 _aVerma
_986008
245 _aIndustrial Engineering & Management
260 _aNew Delhi:
_bS.K.Kataria;
_c2010.
300 _a816p. ;
_b23 cm.
500 _aPaperback.
563 _aPB
942 _cBK
_2ddc
999 _c32428
_d32428